| 000 | 00698nam a2200193 a 4500 | ||
|---|---|---|---|
| 001 | 000047921 | ||
| 005 | 20201002060818.0 | ||
| 008 | 181004s2017 dr a 000 0 spa d | ||
| 020 | _a9789945605099 | ||
| 040 |
_aDO-SdBNP _bspa _cBNPHU |
||
| 082 |
_axxxx _bxxxx |
||
| 100 | 1 |
_aJesús de la Rosa, María del _929833 |
|
| 245 | 1 | 0 |
_aCaligrafía popular 1 : _bnivel primario / _cMaría del Jesús de la Rosa ; corrección de texto Danilda Pérez ; ilustración Ramón Sandoval. |
| 260 |
_aSanto Domingo : _bActualidad Escolar 2000, _c2017. |
||
| 300 |
_a96 p. : _bil. ; _c28 cm. |
||
| 590 | _aInventariado, 2018/LP | ||
| 700 | 1 |
_aPérez, Danilda, _ecorr. _973778 |
|
| 700 | 1 |
_aSandoval, Ramón, _eil _910955 |
|
| 999 |
_c47409 _d47409 |
||